MDQL
is popping MORE tags! Check the
thread
!
Quizzes
Events
Quiz Creation
Community
Videos
Private Events
Remove Ads
Sign In
Join for FREE
Feedback
Dark Mode
Quiz Categories
Sports
Geography
Music
Movies
Television
Just For Fun
Miscellaneous
History
Literature
Language
Science
Gaming
Entertainment
Religion
Holiday
For Kids
Quiz Lab
Recent
Popular Today
Quiz Kudos Today
Editor Picks
Curator Picks
Quizzes by...
Day
Popularity
Type
Ratings
Length
Year
Community
Subscriptions
Recent Discussions
Orange Saloon
Badges
Playlists
Quests
Create
Leaderboards
Showdown
Live 5
Trivia Bingo
Activity
Puzzle Library
Sporcle Events
Private Events
Virtual Trivia
Globe League
Become a Host
Pub Owners
SporcleCon
Opinionation
Our Games
Videos
Blog
Mobile Apps
Partnerships
Remove Ads and Go Orange
Feedback
Language
Vocabulary
Begins and Ends
Definition
Spanish
French
German
Italian
Chinese
Latin
Translation
Japanese
Language
Vocabulary
Begins and Ends
Definition
Spanish
French
German
Italian
Chinese
Latin
Translation
Japanese
Random Quiz
Search Sporcle
×
Quiz Lab
Quiz Lab
Language
A to Z
Type in answers that appear in a list
Type in answers that appear in a list
Classic
Best Score? Go Orange.
A to Z ends in C Stats
Can you name the words from A to Z that end in C?
By
Doofenschmirtz
4m
26 Questions
84 Plays
84 Plays
84 Plays
Comments
Comments
Give Quiz Kudos
Give Quiz Kudos
-
- Ratings
hide this ad
Replay
Link that replays current quiz
Next Quiz
Link to next quiz in quiz playlist
You Got
0%
They Got
Avg Score
60%
Avg Friend Score
Upgrade to see
Score Distribution
Jump to the score distribution portion of the page
Score
0/26
Timer
04:00
0
Plays Today
Definition
Word
% Correct
B. Easy, simple
Basic
90.5%
N. Of a group of prohibited drugs
Narcotic
89.3%
J. The middle period of the Mesozoic Era
Jurassic
88.1%
K. Relating to or resulting from motion
Kinetic
86.9%
P. A world-
wide disease outbreak
Pandemic
86.9%
Z. Members of this include Cancer, Leo, and Aries.
Zodiac
86.9%
A. Sharp tasting or sour
Acidic
83.3%
H. Oath taken by physicians
Hippocratic
82.1%
G. Health care regarding elderly individuals
Geriatric
81%
O. Nerve that transmits information from the retina to the brain
Optic
81%
X. Showing dislike or prejudice against people from foreign countries
Xenophobic
81%
F. Distraught with fear and anxiety
Frantic
75%
M. A member of a M.A.S.H. unit
Medic
72.6%
Definition
Word
% Correct
S. Radio wave interference
Static
72.6%
C. Having a meaning that is mysterious or obsucre
Cryptic
60.7%
R. Relating to the country; simple in design
Rustic
58.3%
E. L.A. Reid is Chairman/
CEO of this record company
Epic
51.2%
Q. Exceedingly idealistic; unrealistic and impractical
Quixotic
47.6%
D. Radical, extreme
Drastic
41.7%
I. Relating to the essential nature of a thing
Intrinsic
33.3%
L. A style of writing using very few words
Laconic
33.3%
Y. Relating to Element 70 on the Periodic Table
Ytterbic
33.3%
U. The opposite of Robert Frost's writings
Unpoetic
16.7%
T. Band formed in 1999 by former members of Days of the New
Tantric
14.3%
V. Liable to burst out violently
Volcanic
14.3%
W. Howard Stern's station in New York City from 1982-
1985
WNBC
13.1%
Quiz Playlist
Details
Report
Send in Message
Add To Playlist
Classic:
Type in answers that appear in a list
Last Updated: Apr 18, 2017
Quiz Scoreboard
CHALLENGE
Sign Up to Join the Scoreboard
Show All
Scores
Hide
Comments
May contain spoilers
Recently Published
Image Sorting: Flags VI
by Barbecue
Geography
2m
Find the 'City' Movie
by crazypaving
Movies
60s
Colored Red Africa Blitz
by spor1
Geography
45s
More to Explore
Quiz From the Vault
Featured Blog Post
14 Easter Pick-up Lines to Find Eggs With
hide this ad
You Might Also Like...
Tags
A to Z
Today's Top Quizzes in Language
Browse Language
hide this ad
Today's Top Quizzes in A to Z
Browse A to Z
Top Contributed Quizzes in Language
1
What Word Starts All?
2
1-10 Letter F Words III
3
Arabic Numerals
4
1-10 Letter G Words III
5
1-10 Letter H Words III
6
Weisst du, aus welchen Sprachen diese Wörter stammen?
7
1-10 Letter I Words III
8
Harry Potter book 6 chapters: English & Greek
9
1-10 Letter J Words III
10
Celtic Nations in their Language
Explore More
Trending Topics
Harry Potter
NBA
Disney
Kpop
Crossword
Anime
Marvel
Country
Pokémon
Soccer
WWE
The Office
Puzzle
NFL
Song
hide this ad
More By:
Doofenschmirtz
Quiz
Plays
Rating
Category
Featured
Created
Alternate NBA Finals 1979-2015
508
5.00
Sports
Sep 24, 2012
100 Homeruns With 3 Teams
441
3.25
Sports
May 29, 2014
Robert Deniro (A-Z)
419
4.60
Movies
Nov 13, 2015
All-Time Cubs Saves Leaders
264
Sports
Sep 21, 2010
Al Pacino (A-Z)
135
3.50
Movies
Nov 11, 2015
Go to Creator's Profile
Score Distribution
Quiz Creator Spotlight
Doofenschmirtz
Follow
Send a Message
Quizzes Created
-
Created Quiz Play Count
-
More By This Creator
Popular Quizzes Today
1
Colored Red Africa Blitz
2
Find the US States - No Outlines Minefield
3
Find the 'City' Movie
4
5x2 Blitz: Bands
5
The Countries of the World
6
Find the US States
7
Find the Countries of Europe - No Outlines Minefield
8
US States
More Language Quizzes
Vocabulary Blitz XXIX
Published
Trending Quizzes
Colored Red Europe Blitz I
Colored Red Europe Blitz II
Colored Red Africa Blitz II
Colored Red Europe Blitz III
Colored Red Africa Blitz III
Recently Updated
How Do You Spell That?
pecheneg
Godzilla Movies
pecheneg
Grab Bag: 4-10 Letters
pecheneg
2024 March Madness Bracket
pecheneg
Famous TV Couples
Peacemaker
Champions League XIs: Real Madrid
pecheneg
Largest US Cities 1790-2010
pecheneg
Rides in Walt Disney World
pecheneg
Most Oscar Losses (Acting)
pecheneg
Beyoncé Albums
pecheneg
Trending Topics
Anime
Marvel
Harry Potter
NBA
Disney
Kpop
Crossword
The Office
NFL
Puzzle
Pokémon
Country
WWE
Soccer
Song
Your Account Isn't Verified!
In order to create a playlist on Sporcle, you need to verify the email address you used during registration. Go to your
Sporcle Settings
to finish the process.
Report this User
Report this user for behavior that violates our
Community Guidelines
.
Details:
Send Report
Go to the Sporcle.com Mobile Site →
Comments